Dark logic : (Record no. 4837)

MARC details
000 -LEADER
fixed length control field 03609cam a2200505 a 4500
001 - CONTROL NUMBER
control field ocn630480109
003 - CONTROL NUMBER IDENTIFIER
control field OCoLC
005 - DATE AND TIME OF LATEST TRANSACTION
control field 20180625130926.0
008 - FIXED-LENGTH DATA ELEMENTS--GENERAL INFORMATION
fixed length control field 100524s2011 caua b 001 0 eng c
010 ## - LIBRARY OF CONGRESS CONTROL NUMBER
LC control number 2010021704
020 ## - INTERNATIONAL STANDARD BOOK NUMBER
International Standard Book Number 9780804769921
Qualifying information (cloth ;
-- alk. paper)
020 ## - INTERNATIONAL STANDARD BOOK NUMBER
International Standard Book Number 0804769923
Qualifying information (cloth ;
-- alk. paper)
020 ## - INTERNATIONAL STANDARD BOOK NUMBER
International Standard Book Number 9780804769938
Qualifying information (pbk. ;
-- alk. paper)
020 ## - INTERNATIONAL STANDARD BOOK NUMBER
International Standard Book Number 0804769931
Qualifying information (pbk. ;
-- alk. paper)
024 8# - OTHER STANDARD IDENTIFIER
Standard number or code 3335425
029 1# - (OCLC)
OCLC library identifier AU@
System control number 000045621648
029 1# - (OCLC)
OCLC library identifier CHRRO
System control number R005741278
029 1# - (OCLC)
OCLC library identifier NZ1
System control number 13840792
035 ## - SYSTEM CONTROL NUMBER
System control number (OCoLC)630480109
Canceled/invalid control number (OCoLC)717875920
040 ## - CATALOGING SOURCE
Original cataloging agency CSt/DLC
Language of cataloging eng
Transcribing agency DLC
Modifying agency YDX
042 ## - AUTHENTICATION CODE
Authentication code pcc
049 ## - LOCAL HOLDINGS (OCLC)
Holding library TZAA
050 00 - LIBRARY OF CONGRESS CALL NUMBER
Classification number HV6252
Item number .M36
072 #7 - SUBJECT CATEGORY CODE
Subject category code s1ss
Source rero
082 00 - DEWEY DECIMAL CLASSIFICATION NUMBER
Classification number 364.1/35
Edition number 22
100 1# - MAIN ENTRY--PERSONAL NAME
Personal name Mandel, Robert,
Dates associated with a name 1949-
245 10 - TITLE STATEMENT
Title Dark logic :
Remainder of title transnational criminal tactics and global security /
Statement of responsibility, etc Robert Mandel.
260 ## - PUBLICATION, DISTRIBUTION, ETC. (IMPRINT)
Place of publication, distribution, etc Stanford, Calif. :
Name of publisher, distributor, etc Stanford Security Studies,
Date of publication, distribution, etc 2011.
300 ## - PHYSICAL DESCRIPTION
Extent x, 255 pages :
Other physical details illustrations ;
Dimensions 24 cm
504 ## - BIBLIOGRAPHY, ETC. NOTE
Bibliography, etc Includes bibliographical references (pages 229-250) and index.
505 0# - FORMATTED CONTENTS NOTE
Formatted contents note Introduction : the central question -- Transnational organized crime's changing threat -- Corruption/violence and individual/state security -- Major transnational criminal organizations -- Major transnational criminal activities -- Analysis of case patterns -- Links between transnational criminals and terrorists -- Conclusion : policy implications.
520 ## - SUMMARY, ETC.
Summary, etc Since the end of the Cold War, transnational non-state forces have been a major source of global instability, with many ominous and disruptive flows of people, goods, and services moving readily across international boundaries. And because these activities are so multifaceted and so intertwined within the fabric of society, they remain largely invisible until the intrusion is well-advanced and difficult to reverse. Thus, the threat posed by transnational organized crime ultimately undermines total security of countries, including economic, cultural, and political dimensions, and now presents an international security challenge of staggering proportions. No single book so far has fully addressed the scale of this threat to global stability from an international security perspective. Dark Logic examines in depth when and how transnational organized crime is likely to use corruption and violence to achieve its ends, and when and how these criminal activities most affect individual and state security. It pinpoints when and how negative consequences of these tactics and activities can be most successfully combated. Robert Mandel's book provides a unique lens for analyzing today's global security dilemmas. Given that the threat associated with transnational organized crime can endanger all citizens, from policy makers and security analysts to students, scholars, and the "man and woman on the street", this book is written in an intelligible style to make it accessible to anyone interested in ever-growing threats to national and international security--Publisher's description.
650 #0 - SUBJECT ADDED ENTRY--TOPICAL TERM
Topical term or geographic name as entry element Transnational crime.
650 #0 - SUBJECT ADDED ENTRY--TOPICAL TERM
Topical term or geographic name as entry element Organized crime.
650 #0 - SUBJECT ADDED ENTRY--TOPICAL TERM
Topical term or geographic name as entry element Corruption.
9 (RLIN) 13590
650 #0 - SUBJECT ADDED ENTRY--TOPICAL TERM
Topical term or geographic name as entry element Violence.
650 #0 - SUBJECT ADDED ENTRY--TOPICAL TERM
Topical term or geographic name as entry element Security, International.
650 #7 - SUBJECT ADDED ENTRY--TOPICAL TERM
Topical term or geographic name as entry element Corruption.
Source of heading or term fast
9 (RLIN) 13590
650 #7 - SUBJECT ADDED ENTRY--TOPICAL TERM
Topical term or geographic name as entry element Organized crime.
Source of heading or term fast
650 #7 - SUBJECT ADDED ENTRY--TOPICAL TERM
Topical term or geographic name as entry element Security, International.
Source of heading or term fast
650 #7 - SUBJECT ADDED ENTRY--TOPICAL TERM
Topical term or geographic name as entry element Transnational crime.
Source of heading or term fast
650 #7 - SUBJECT ADDED ENTRY--TOPICAL TERM
Topical term or geographic name as entry element Violence.
Source of heading or term fast
776 08 - ADDITIONAL PHYSICAL FORM ENTRY
Display text Online version:
Main entry heading Mandel, Robert, 1949-
Title Dark logic.
Place, publisher, and date of publication Stanford, Calif. : Stanford Security Studies, 2011
Record control number (OCoLC)776096268
942 ## - ADDED ENTRY ELEMENTS (KOHA)
Source of classification or shelving scheme Library of Congress Classification
Koha item type Books
Holdings
Home library Current library Date acquired Full call number Barcode Cost, replacement price Koha item type
African Court on Human and Peoples' Rights Library African Court on Human and Peoples' Rights Library 25/06/2018 HV6252 .M69 10218289 23.00 Books

African Court on Human and Peoples' Rights | For Inquiries Contact » +255 272 510 510